1337 1383 1666 1504 1772 1289 1355 1159 1997 1632 1974 1830 1362 1744 1488 1989 1963 1769 1827 1022 1705 1193 1505 1919 1754 1921 1729 1178 1811 1824 1847 1123 1183 1437 1165 1609 1771 1932 1154 1777 1399 1636 1446 1220 1736 1556 1857 1391 1572 1050 1286 1609 1461 1333 1389 1523 1808 1918 1973 1511 1182 1290 1747 1077 1508 1057 1787 1853 1206 1864 1296 1384 1546 1358 1439 1226 1936 1659 1197 1001 1865 1501 1725 1900 1539 1526 1149 1940 1211 1213 1166 1270 1957 1785 1666 1860 1846 1182 1714 BCNSPRNW ULIB Ver.6.0+V

เปลี่ยนเป็นภาษาไทย

Change to English
 แสดงรายละเอียดบรรณานุกรม
  กลับหน้าหลัก

Brief Record : Get Marc (ISO 2709) : E-mail record : QR code < ปิดหน้าต่าง
LEADER : 00000nam 2200000uu 4500
001    13399127996
003     ULIB
008    020711s2562 th a 000 0 tha d
020    ^a9786169347507
060    ^aWK810^bห321
110    ^aสมาคมผู้ให้ความรู้โรคเบาหวาน
245    ^aหลักสูตรพื้นฐานผู้ให้ความรู้โรคเบาหวาน
250    ^aพิมพ์ครั้งที่ 1
260    ^aกรุงเทพฯ :^bสมาคมผู้ให้ความรู้โรคเบาหวาน,^c2562
300    ^a455 หน้า;^b30 ซม.
650    ^aเบาหวาน^xการให้ความรู้
945    ^p650^l0^i008583
999    ^aประนอม เกษจรัล
รายการนี้ยังไม่มีแท็ก
คุณยังไม่ได้ล็อกอิน คุณสามารถมีกิจกรรมร่วมกับเว็บไซต์ได้ แต่ต้องล็อกอินก่อน ::
  ล็อกอิน

รายการสื่อสารสนเทศ

ลำดับที่ ประเภท เลขเรียก/บาร์โค้ด สถานที่ สถานะ
1. วิทยาศาสตร์การแพทย์ และสุขภาพ
หนังสือสำรอง
สถานะ=หนังสือสำรอง
WK810 ห321 ฉ.1 
  Barcode: 008583
ห้องสมุดวิทยาเขตสวรรค์ประชารักษ์
►หนังสือทั่วไป
บนชั้น

BibComment


ยังไม่เคยถูกคอมเมนท์

คอมเมนท์ทรัพยากรรายการนี้
  คอมเมนท์: หลักสูตรพื้นฐานผ..


 Copyright 2026. Bcnsprnw @Library